[Event "SVK-chT1W 2122"]
[Site "Slovakia"]
[Date "2022.02.27"]
[Round "4.7"]
[White "Meszaros, Nikolas"]
[Black "Paluska, Karol"]
[Result "1/2-1/2"]
[WhiteElo "1812"]
[BlackElo "1958"]
[PlyCount "108"]
[EventDate "2021.11.06"]
[EventType "team-tourn"]
[EventRounds "11"]
[EventCountry "SVK"]
[SourceTitle "EXT 2023"]
[Source "ChessBase"]
[SourceDate "2022.10.05"]
[SourceVersion "1"]
[SourceVersionDate "2022.10.05"]
[SourceQuality "1"]
[WhiteTeam "Gabcikovo MSK"]
[BlackTeam "Bratislava Doprastav"]
[WhiteTeamCountry "SVK"]
[BlackTeamCountry "SVK"]

1. e4 c6 2. d4 d5 3. e5 c5 4. c3 Nc6 5. Nf3 Bg4 6. Be2 e6 7. Be3 Nge7 8. 0-0 Nf5 9. Nbd2 Qb6 10. Qb3 cxd4 11. Qxb6 axb6 12. cxd4 Bb4 13. Nb3 0-0 14. a3 Be7 15. h3 Bxf3 16. Bxf3 f6 17. exf6 Bxf6 18. Bg4 g6 19. Rad1 Kf7 20. Bxf5 gxf5 21. Rd2 Ra4 22. Rc1 Ke7 23. f3 Kd7 24. Kf1 Rc8 25. Rdc2 Rg8 26. Rd1 Bg5 27. Bxg5 Rxg5 28. Rcd2 Rc4 29. Nc1 Rg8 30. Ne2 Na5 31. Nf4 Rc6 32. Re1 Rf8 33. Rde2 Rf6 34. Nd3 Ke7 35. Nb4 Rd6 36. Rc1 Kd7 37. Nd3 Nc6 38. Rec2 Rf8 39. Ne5+ Nxe5 40. Rc7+ Ke8 41. dxe5 Rd7 42. R7c3 Kd8 43. Kf2 f4 44. R1c2 Rf5 45. Rc8+ Ke7 46. Re2 Rd8 47. Rc7+ Rd7 48. Rc8 Rf8 49. Rc3 Rf5 50. Rb3 d4 51. Rd3 Rd5 52. Re4 Rdxe5 53. Rdxd4 Rxe4 54. Rxe4 e5 1/2-1/2

[Event "SVK-chT1W 2122"]
[Site "Slovakia"]
[Date "2021.11.07"]
[Round "2.8"]
[White "Meszaros, Nikolas"]
[Black "Valovic, Stefan"]
[Result "0-1"]
[WhiteElo "1812"]
[BlackElo "1983"]
[PlyCount "126"]
[EventDate "2021.11.06"]
[EventType "team-tourn"]
[EventRounds "11"]
[EventCountry "SVK"]
[SourceTitle "EXT 2023"]
[Source "ChessBase"]
[SourceDate "2022.10.05"]
[SourceVersion "1"]
[SourceVersionDate "2022.10.05"]
[SourceQuality "1"]
[WhiteTeam "Gabcikovo MSK"]
[BlackTeam "Nitra NSK"]
[WhiteTeamCountry "SVK"]
[BlackTeamCountry "SVK"]

1. d4 g6 2. Nf3 Bg7 3. e4 c5 4. c3 cxd4 5. cxd4 d5 6. Nc3 dxe4 7. Nxe4 Bg4 8. Qa4+ Bd7 9. Bb5 Bxb5 10. Qxb5+ Qd7 11. Qxd7+ Nxd7 12. Bf4 Rc8 13. 0-0 Ngf6 14. Nxf6+ Nxf6 15. Rac1 0-0 16. Be5 Rfd8 17. Rfd1 Kf8 18. Kf1 e6 19. Bc7 Re8 20. Rc2 Kg8 21. Rdc1 Bh6 22. Nd2 Nd5 23. Ke2 Nb4 24. Rc4 Nc6 25. Be5 f5 26. R1c3 Rcd8 27. Nf3 Rd7 28. b4 a6 29. a4 Ra8 30. g3 Rd5 31. Kf1 Bf8 32. Rb3 h6 33. Bf6 Kf7 34. Be5 Be7 35. h4 Rad8 36. Ke2 g5 37. hxg5 hxg5 38. Bc7 Rc8 39. Bb6 Ra8 40. a5 Rh8 41. Ne1 Bf6 42. Nc2 Rh1 43. Rd3 g4 44. Ne3 Rd7 45. d5 exd5 46. Rxd5 Rxd5 47. Nxd5 Be5 48. Ne3 Ke6 49. Bc5 Rb1 50. Kd2 Rb3 51. Nc2 Kd5 52. Rf4 Bxf4+ 53. gxf4 Ke4 54. Bb6 Kxf4 55. Be3+ Ke4 56. Bc5 f4 57. Ke2 g3 58. fxg3 Rxg3 59. Bf2 Rb3 60. Bc5 Rb2 61. Kd1 Rb1+ 62. Kd2 Rh1 63. Ne1 Ne5 0-1

[Event "SVK-chT4 A22 1819"]
[Site "Slovakia"]
[Date "2019.03.17"]
[Round "11.2"]
[White "Kozinka, Roman"]
[Black "Meszaros, Nikolas"]
[Result "0-1"]
[WhiteElo "1975"]
[BlackElo "1791"]
[PlyCount "82"]
[EventDate "2018.10.14"]
[EventType "team-tourn"]
[EventRounds "11"]
[EventCountry "SVK"]
[SourceTitle "EXT 2020"]
[Source "ChessBase"]
[SourceDate "2019.10.17"]
[SourceVersion "1"]
[SourceVersionDate "2019.10.17"]
[SourceQuality "1"]

1. c4 e5 2. Nc3 Nf6 3. Nf3 Nc6 4. a3 d5 5. cxd5 Nxd5 6. e4 Nxc3 7. bxc3 Bg4 8. Bc4 Qf6 9. 0-0 Bxf3 10. gxf3 Bc5 11. a4 Na5 12. Bb5+ c6 13. Be2 Rd8 14. Rb1 Qh4 15. Qe1 Rd6 16. d4 exd4 17. cxd4 g5 18. Kg2 Bxd4 19. Rb4 Rh6 20. Rh1 Be5 21. h3 0-0 22. Be3 b6 23. Qc1 c5 24. Rb5 Nc6 25. Kf1 Bd4 26. Rb1 Rd8 27. Bd1 Rhd6 28. Ke2 Bxe3 29. Qxe3 Nd4+ 30. Kf1 Nf5 31. Qb3 Rd3 32. exf5 Rxb3 33. Bxb3 Rd2 34. Rh2 Qf4 35. Rg2 Qxf5 36. Re1 Qxh3 37. Re7 Qh1+ 38. Rg1 Qh3+ 39. Ke1 Rd7 40. Bxf7+ Kf8 41. Be6 Rxe7 0-1

[Event "SVK-chT1W 1819"]
[Site "Slovakia"]
[Date "2018.10.28"]
[Round "2.8"]
[White "Meszaros, Nikolas"]
[Black "Hacik, Radomir"]
[Result "0-1"]
[WhiteElo "1793"]
[BlackElo "2139"]
[PlyCount "50"]
[EventDate "2018.10.27"]
[EventType "team-tourn"]
[EventRounds "11"]
[EventCountry "SVK"]
[SourceTitle "CBM 187 Extra"]
[Source "ChessBase"]
[SourceDate "2018.11.04"]
[SourceVersion "1"]
[SourceVersionDate "2018.11.04"]
[SourceQuality "1"]
[WhiteTeam "Gabcikovo MSK"]
[BlackTeam "Bratislava Slovan III"]
[WhiteTeamCountry "SVK"]
[BlackTeamCountry "SVK"]

1. e4 c6 2. d4 d5 3. e5 Bf5 4. Bd3 Bxd3 5. Qxd3 e6 6. f4 Qb6 7. Ne2 c5 8. c3 Nc6 9. 0-0 Nh6 10. b3 Rc8 11. Ba3 cxd4 12. Nxd4 Nf5 13. Rd1 a6 14. Bxf8 Kxf8 15. Na3 g6 16. Nac2 Kg7 17. Kf1 Nfxd4 18. Nxd4 Nxd4 19. cxd4 Rc6 20. Rdc1 Rhc8 21. Rxc6 Qxc6 22. Rd1 Qc2 23. Qd2 Rc3 24. Ke2 Qe4+ 25. Kf1 Rc2 0-1

[Event "SVK-chT4 A22 1819"]
[Site "Slovakia"]
[Date "2018.10.14"]
[Round "1.5"]
[White "Meszaros, Nikolas"]
[Black "Jablonicky, Frantisek"]
[Result "1/2-1/2"]
[WhiteElo "1772"]
[BlackElo "2053"]
[PlyCount "65"]
[EventDate "2018.10.14"]
[EventType "team-tourn"]
[EventRounds "11"]
[EventCountry "SVK"]
[SourceTitle "EXT 2020"]
[Source "ChessBase"]
[SourceDate "2019.10.17"]
[SourceVersion "1"]
[SourceVersionDate "2019.10.17"]
[SourceQuality "1"]

1. e4 c6 2. d4 d5 3. e5 Bf5 4. Bd3 Bxd3 5. Qxd3 Qa5+ 6. Bd2 Qa6 7. Qxa6 Nxa6 8. Nh3 e6 9. a3 c5 10. c3 Ne7 11. 0-0 h5 12. Be3 Nf5 13. Nd2 Be7 14. b4 b6 15. Nb3 Rc8 16. Rac1 0-0 17. Rfe1 Rc7 18. Bg5 Rfc8 19. Bxe7 Rxe7 20. Nf4 g6 21. Ne2 Rec7 22. g3 Kf8 23. Kg2 Ke7 24. h3 cxd4 25. cxd4 Rxc1 26. Rxc1 Rxc1 27. Nbxc1 Kd7 28. g4 hxg4 29. hxg4 Ne7 30. Nc3 Nc7 31. f4 Kc6 32. a4 a6 33. Kf3 1/2-1/2

[Event "SVK-chT1W 1718"]
[Site "Slovakia"]
[Date "2018.03.11"]
[Round "11.8"]
[White "Meszaros, Nikolas"]
[Black "Vimmer, Michal"]
[Result "1/2-1/2"]
[WhiteElo "1770"]
[BlackElo "1961"]
[PlyCount "45"]
[EventDate "2017.10.21"]
[EventType "team-tourn"]
[EventRounds "11"]
[EventCountry "SVK"]
[SourceTitle "EXT 2019"]
[Source "ChessBase"]
[SourceDate "2018.10.10"]
[SourceVersion "1"]
[SourceVersionDate "2018.10.10"]
[SourceQuality "1"]
[WhiteTeam "Gabcikovo Russel"]
[BlackTeam "Bratislava Slovan III"]
[WhiteTeamCountry "SVK"]
[BlackTeamCountry "SVK"]

1. d4 d5 2. c4 c6 3. Nc3 e6 4. Nf3 Nf6 5. Bg5 Nbd7 6. e3 Qa5 7. Qc2 Bb4 8. Nd2 0-0 9. Be2 dxc4 10. Bxf6 Nxf6 11. Nxc4 Qc7 12. a3 Bd6 13. Bd3 e5 14. dxe5 Bxe5 15. Nxe5 Qxe5 16. h3 Be6 17. Ne4 Nxe4 18. Bxe4 h6 19. 0-0 Rad8 20. Rfd1 Qg5 21. Kh1 Rfe8 22. Rxd8 Rxd8 23. Rd1 1/2-1/2

[Event "SVK-chT4 A22 1617"]
[Site "Slovakia"]
[Date "2017.02.12"]
[Round "9.4"]
[White "Bisco, Igor"]
[Black "Meszaros, Nikolas"]
[Result "1/2-1/2"]
[WhiteElo "2108"]
[BlackElo "1750"]
[PlyCount "87"]
[EventDate "2016.10.09"]
[EventType "team-tourn"]
[EventRounds "11"]
[EventCountry "SVK"]
[SourceTitle "EXT 2020"]
[Source "ChessBase"]
[SourceDate "2019.10.17"]
[SourceVersion "1"]
[SourceVersionDate "2019.10.17"]
[SourceQuality "1"]

1. e4 e6 2. d4 d5 3. Nc3 Bb4 4. e5 c5 5. a3 cxd4 6. axb4 dxc3 7. Qg4 g6 8. Qg3 cxb2 9. Bxb2 Qb6 10. b5 Ne7 11. Qb3 Nd7 12. Nf3 Nc5 13. Qb4 a5 14. Qf4 Bd7 15. Nd4 Nf5 16. Be2 Rc8 17. 0-0 Ne4 18. Nxf5 gxf5 19. Ba3 Qd8 20. h4 h6 21. Bd3 Nc5 22. Qg3 Ke7 23. b6 Qf8 24. Qe3 Ke8 25. Rfc1 Rg8 26. Bf1 Rg4 27. f3 Rxh4 28. c4 d4 29. Qf2 Qe7 30. Rd1 Qg5 31. Rxd4 Nb3 32. Rxh4 Nxa1 33. f4 Qg7 34. Qb2 Qg3 35. Rxh6 Qe3+ 36. Kh1 Bc6 37. Qxa1 Qxf4 38. Rh8+ Kd7 39. Qd1+ Bd5 40. Rxc8 Qh6+ 41. Kg1 Qe3+ 42. Kh2 Qh6+ 43. Kg3 Qe3+ 44. Kh2 1/2-1/2

[Event "SVK-chT1W 1516"]
[Site "Slovakia"]
[Date "2016.03.19"]
[Round "10.8"]
[White "Meszaros, Nikolas"]
[Black "Bury, Rastislav"]
[Result "0-1"]
[WhiteElo "1788"]
[BlackElo "2119"]
[PlyCount "118"]
[EventDate "2015.10.24"]
[EventType "team-tourn"]
[EventRounds "11"]
[EventCountry "SVK"]
[SourceTitle "EXT 2017"]
[Source "ChessBase"]
[SourceDate "2016.10.25"]
[SourceVersion "1"]
[SourceVersionDate "2016.10.25"]
[SourceQuality "1"]
[WhiteTeam "Gabcikovo"]
[BlackTeam "Osuske"]
[WhiteTeamCountry "SVK"]
[BlackTeamCountry "SVK"]

1. e4 c5 2. Nf3 d6 3. Nc3 Nf6 4. d4 cxd4 5. Nxd4 a6 6. h3 e5 7. Nb3 Be7 8. Be3 Be6 9. Qd2 Nbd7 10. Bd3 b5 11. a3 Nb6 12. Na5 Qc7 13. f3 d5 14. Bxb6 Qxb6 15. exd5 Nxd5 16. Nxd5 Bh4+ 17. Kd1 Bxd5 18. Kc1 0-0 19. Qb4 Bd8 20. Nb3 a5 21. Qg4 Bxb3 22. cxb3 Qe3+ 23. Kc2 Bg5 24. Qe4 Qc5+ 25. Kb1 f5 26. Qe2 Rab8 27. Re1 Bf4 28. Ka2 g6 29. Rad1 Kg7 30. Qc2 Qxc2 31. Bxc2 Rfd8 32. Rd3 Rxd3 33. Bxd3 b4 34. Re2 Rc8 35. Bc4 Kf6 36. Kb1 Re8 37. Bd5 Rd8 38. Bc4 Rd4 39. Kc2 e4 40. fxe4 fxe4 41. Rf2 Ke5 42. Re2 Bg5 43. Bg8 h6 44. Bf7 Rd6 45. Bc4 Rc6 46. Kd1 Kd4 47. Ke1 Be3 48. Rc2 Rc8 49. Kd1 Rf8 50. Ke1 Bg5 51. Kd1 Be7 52. a4 e3 53. Re2 Rf1+ 54. Re1 Rf2 55. Re2 Rf8 56. Ke1 Bh4+ 57. Kd1 Rf1+ 58. Kc2 Rg1 59. Ba6 Be1 0-1

[Event "SVK-chT4 A22 1415"]
[Site "Slovakia"]
[Date "2014.11.23"]
[Round "4.6"]
[White "Bugar, Peter"]
[Black "Meszaros, Nikolas"]
[Result "0-1"]
[WhiteElo "1582"]
[BlackElo "1697"]
[PlyCount "58"]
[EventDate "2014.10.12"]
[EventType "team-tourn"]
[EventRounds "11"]
[EventCountry "SVK"]
[SourceTitle "EXT 2019"]
[Source "ChessBase"]
[SourceDate "2018.10.10"]
[SourceVersion "1"]
[SourceVersionDate "2018.10.10"]
[SourceQuality "1"]

1. d4 d5 2. c4 Nc6 3. e3 e6 4. Nc3 Nf6 5. Nf3 Bd7 6. a3 Be7 7. cxd5 Nxd5 8. Nxd5 exd5 9. Qb3 Bc8 10. Bb5 Qd6 11. Ne5 0-0 12. Bxc6 bxc6 13. Bd2 c5 14. Qb5 Ba6 15. Qc6 cxd4 16. exd4 f6 17. Bb4 Qxc6 18. Nxc6 Bxb4+ 19. Nxb4 Rfe8+ 20. Kd1 Bc4 21. Nc2 Rab8 22. Kc1 Re2 23. Rf1 Rb3 24. Rb1 Rd3 25. Ne1 Rxd4 26. b3 Ba6 27. Nf3 Rde4 28. Nd4 Rxd4 29. Rd1 Rxd1+ 0-1

[Event "SVK-chT4 A22 1415"]
[Site "Slovakia"]
[Date "2014.10.12"]
[Round "1.3"]
[White "Meszaros, Nikolas"]
[Black "Brestovansky, Anton"]
[Result "0-1"]
[WhiteElo "1697"]
[BlackElo "1717"]
[PlyCount "66"]
[EventDate "2014.10.12"]
[EventType "team-tourn"]
[EventRounds "11"]
[EventCountry "SVK"]
[SourceTitle "EXT 2019"]
[Source "ChessBase"]
[SourceDate "2018.10.10"]
[SourceVersion "1"]
[SourceVersionDate "2018.10.10"]
[SourceQuality "1"]

1. e4 c5 2. Nf3 Nc6 3. d4 cxd4 4. Nxd4 d6 5. Bb5 Bd7 6. Nc3 a6 7. Bc4 e6 8. Be3 Nf6 9. a3 b5 10. Ba2 Be7 11. 0-0 0-0 12. Qd2 Rc8 13. Rad1 Ne5 14. Bf4 Bc6 15. Nxc6 Rxc6 16. Qd4 Qc7 17. Bxe5 dxe5 18. Qe3 Bxa3 19. Nxb5 axb5 20. Qxa3 Rxc2 21. Bb1 Rc5 22. b4 Rc3 23. Qa6 g6 24. Qxb5 Rb8 25. Qe2 Rxb4 26. f3 Nh5 27. g3 Nf6 28. Kg2 Qb6 29. Bd3 Rb2 30. Rd2 Rbb3 31. Rfd1 Kg7 32. Bc4 Rb4 33. Bd3 Qc5 0-1